La comunicazione di genere (Record n. 358038)

Dettagli MARC
000 -LEADER
campo di controllo lung. fissa 01463nam a22002057a 4500
003 - Identificatore del numero di controllo
campo di controllo IT-MiCISF
005 - Data e orario dell'ultima transazione
campo di controllo 20181023161428.0
008 - Elementi di lunghezza fissa--Informazione generale
campo di controllo lung. fissa 181023b ||||| |||| 00| 0 eng d
040 ## - Fonte della catalogazione
Agenzia che fa la trascrizione IT-MiCISF
041 ## - Codice di lingua
Codice di lingua del testo/traccia sonora o titolo separato it
100 ## - Accesso principale -- nome di persona
Nome di persona Capecchi Saveria
9 (RLIN) 57423
245 ## - Formulazione del titolo
Titolo La comunicazione di genere
Complemento del titolo Prospettive teoriche e buone pratiche
260 ## - Pubblicazione, distribuzione, ecc. (stampa)
Luogo di pubblicazione, distribuzione, ecc. Roma
Nome dell'editore, distributore, ecc. Carocci
Data di pubblicazione, distribuzione, ecc. 2018
300 ## - Descrizione fisica
Estensione pp. 159
500 ## - Nota generale
Nota generale donna, società, femminismo, differenza-sessuale, massmedia, storia, legislazione, pubblicità
520 ## - Riassunto, ecc.
Nota di riassunto, ecc. Molteplici sono gli stereotipi sessisti e le disuguaglianze tra uomini e donne che persistono in ambito pubblico e privato. Nonostante i concetti e i principi femministi abbiano via via influenzato numerosi settori disciplinari, le politiche pubbliche e aziendali, oltre che i contenuti dei media, solo ultimamente in Italia istituzioni, associazioni ed enti pubblici promuovono buone pratiche finalizzate alla comunicazione in ottica di genere, all’empowerment femminile, al work-life balance. Ripercorrendo le fasi attraversate dal pensiero femminista, il libro evidenzia alcuni nodi teorici – sesso/genere, uguaglianza/differenza, femminismo/postfemminismo – su cui è utile riflettere per comunicare in maniera consapevole e responsabile, valorizzando il genere femminile, e le soggettività che oscillano tra i due generi sia sul piano simbolico che culturale.
650 ## - Accesso aggiunto di soggetto--termine topico
Termine topico o nome geografico come accesso donna
9 (RLIN) 56116
654 ## - Accesso aggiunto di soggetto--termini topici faccettati
Termine principale saggio
942 ## - Dati aggiuntivi (Koha)
Fonte della classificazione o dello schema di collocazione (segnatura) Dewey Decimal Classification
Tipo copia default (Koha) LIBRO
Dati di copia
Ritirato (status) Perso (status) Fonte della classificazione o dello schema di collocazione (segnatura) Danneggiato (status) Non per il presito Biblioteca proprietaria Biblioteca in cui si trova Data d'acquisizione Totale prestiti Collocazione Codice a barre Data ultima operazione Prezzo in vigore dal Tipo copia default (Koha)
    Dewey Decimal Classification Buone Condizioni Not For Loan CISF - Milano CISF - Milano 23/10/2018   b7498 9788843092352 23/10/2018 23/10/2018 LIBRO
CREDITS: SOCIETA' SAN PAOLO Via A.Severo, 58 - ROMA (RM) & PERIODICI SAN PAOLO SRL Via Giotto, 36 MILANO & CISF Via Giotto, 36 MILANO & EDIZIONI SAN PAOLO SRL,  Piazza Soncino, 5 CINISELLO BALSAMO (MI) -- ITALY